Safety, security and risk management / (Record no. 26295)

MARC details
000 -LEADER
fixed length control field 00876nam a22002417a 4500
005 - DATE AND TIME OF LATEST TRANSACTION
control field 20090513114844.0
008 - FIXED-LENGTH DATA ELEMENTS--GENERAL INFORMATION
fixed length control field 090508t xxu||||| |||| 00| 0 eng d
010 ## - LCCN (DPL NO)
LC control number ENG-93506
020 ## - INTERNATIONAL STANDARD BOOK NUMBER
International Standard Book Number 8170247888
Terms of availability 995.00
035 ## - SYSTEM CONTROL NUMBER
System control number EN-77039
037 ## - SOURCE OF ACQUISITION
Source of stock number/acquisition DBAD / PUB
040 ## - CATALOGING SOURCE
Original cataloging agency dpl
Language of cataloging English
082 ## - DEWEY DECIMAL CLASSIFICATION NUMBER
Classification number 658.408
100 ## - MAIN ENTRY--PERSONAL NAME
Personal name Singh, U.K.
245 ## - TITLE STATEMENT
Title Safety, security and risk management /
Statement of responsibility, etc by U.K. Singh [and] J.M. Dewan
260 ## - PUBLICATION, DISTRIBUTION, ETC. (IMPRINT)
Place of publication, distribution, etc New Delhi
Name of publisher, distributor, etc APH Publishing
Date of publication, distribution, etc 2009
270 ## - ADDRESS
Address 4435-36/7, Ansari Road, Darya Ganj,
City New Delhi
Postal code 110002
300 ## - PHYSICAL DESCRIPTION
Extent v, 344p.
Dimensions 22cm(Hb)
500 ## - GENERAL NOTE
General note Includes index
700 ## - ADDED ENTRY--PERSONAL NAME
Personal name Dewan, J.M.
942 ## - ADDED ENTRY ELEMENTS (KOHA)
Source of classification or shelving scheme Dewey Decimal Classification
Item type English Books
Call number suffix SIN
Classification part 658.408
Holdings
Withdrawn status Lost status Source of classification or shelving scheme Damaged status Not for loan Collection code Home library Current library Date acquired Source of acquisition Cost, normal purchase price Total Checkouts Full call number Barcode Date last seen Copy number Cost, replacement price Koha item type
    Dewey Decimal Classification   Not For Loan Non-fiction D.B.Act.Division D.B.Act.Division 13/05/2009 DBAD / PUB 995.00   658.408 SIN EN-77039 13/05/2009 1 995.00 English Books

© Delhi Public Library
Hit Counter
free hit counter